00000000nam 2200000zi 4500
0019.936948
003CaOODSP
00520251022143557
006m     o  d f      
007cr |n|||||||||
008240415e198711##qucdb   ob   f|0| 0 fre d
040 |aCaOODSP|bfre|erda|cCaOODSP
043 |an-cn-qu
0861 |aCW66-1527/1987F-PDF
24500|aÉtude sur la situation de la chasse aux oiseaux marins et côtiers : |brapport final / |cBiorex Groupe Conseil inc.
264 1|aSainte-Foy, Québec : |bEnvironnement Canada - Parcs, Direction générale des parcs nationaux, |cnovembre 1987.
300 |a1 ressource en ligne (1 volume (pagination multiple)) : |bcartes, graphiques
336 |atexte|btxt|2rdacontent/fre
337 |ainformatique|bc|2rdamedia/fre
338 |aressource en ligne|bcr|2rdacarrier/fre
500 |aÉdition numérisée de l’imprimé [par Environnement et changement climatique Canada].
504 |aComprend des références bibliographiques.
650 6|aGibier d'eau|xChasse|zQuébec (Province)|zSaguenay, Rivière.
650 6|aGibier d'eau|xChasse|zQuébec (Province)|zSaint-Laurent, Estuaire du.
650 0|aWaterfowl shooting|zQuébec (Province)|zSaguenay River.
650 0|aWaterfowl shooting|zQuébec (Province)|zSaint Lawrence River Estuary.
7101 |aCanada. |bEnvironnement Canada, |eorganisme de publication.
7101 |aBiorex Groupe Conseil inc., |econsultant.
85640|qPDF|s11.40 Mo|uhttps://publications.gc.ca/collections/collection_2025/eccc/cw66/CW66-1527-1987-fra.pdf